Name Every Broadway Musical Ever - Statistics

General Stats
  • This quiz has been taken 534 times
  • The average score is 35 of 500
Answer Stats
Hint Answer % Correct
Wicked
82%
Hamilton
78%
Cats
62%
The Lion King
62%
Hair
57%
Chicago
56%
Annie
55%
Beauty and the Beast
53%
Hairspray
53%
Rent
52%
Aladdin
51%
Into the Woods
51%
Dear Evan Hansen
50%
Cabaret
47%
The Wiz
46%
Newsies
45%
Grease
43%
Cinderella
42%
The Sound of Music
42%
West Side Story
41%
Legally Blonde
40%
Oklahoma
39%
The Little Mermaid
38%
In the Heights
37%
Shrek
37%
Fiddler on the Roof
35%
Little Shop of Horrors
35%
Guys and Dolls
34%
Sweeney Todd
33%
Kinky Boots
32%
Anastasia
31%
Jesus Christ Superstar
31%
My Fair Lady
31%
Oliver
31%
A Chorus Line
30%
Funny Girl
30%
Once
30%
Avenue Q
29%
Book of Mormon
28%
Hello Dolly!
28%
The Addams Family
28%
Annie Get Your Gun
26%
The Music Man
26%
The King and I
25%
Anything Goes
24%
Jersey Boys
24%
42nd Street
23%
Gypsy
23%
Rocky
23%
13
22%
Little Me
22%
Peter Pan
22%
Pippin'
22%
9 to 5
21%
Billie
21%
Company
21%
Dreamgirls
21%
Spamalot
21%
Bye Bye Birdie
20%
Carousel
20%
Falsettos
20%
Next to Normal
20%
School of Rock
20%
The Color Purple
20%
Kiss Me Kate
19%
Sunday in the Park With George
19%
The Producers
18%
Aida
17%
Billy Elliot
17%
Footloose
17%
How to Succeed in Business Without Really Trying
17%
Xanadu
17%
1776
16%
Camelot
16%
[Dang] Yankees
16%
Merrily We Roll Along
16%
Titanic
16%
Big
15%
Elf
15%
Ragtime
15%
Seussical
15%
Spiderman: Turn Off the Dark
15%
1985 You're a Good Man Charlie Brown
15%
Carrie
14%
Catch Me if You Can
14%
Chess
14%
Follies
14%
If/Then
14%
Jekyll and Hyde
14%
Thoroughly Modern Millie
14%
Parade
13%
Showboat
13%
A Little Night Music
12%
Amelie
12%
American Idiot
12%
Little Women
12%
Nine
12%
Tarzan
12%
Bring it On
11%
Beautiful
10%
Brigadoon
10%
Chitty Chitty Bang Bang
10%
Mame
10%
A Christmas Story
9%
An American in Paris
9%
Big Fish
9%
Man of La Mancha
9%
The Lightning Thief
9%
La Cage Aux Folles
8%
She Loves Me
8%
Sweet Charity
8%
The Drowsy Chaperone
8%
The Secret Garden
8%
Tuck Everlasting
8%
Victor/Victoria
8%
Ain't Misbehavin
7%
Anyone Can Whistle
7%
Crazy for You
7%
On the Town
7%
Seven Brides for Seven Brothers
7%
The Pajama Game
7%
The Who's Tommy
7%
Wonderland
7%
110 In the Shade
6%
A Gentleman's Guide to Love and Murder
6%
Babes in Arms
6%
1981 Revival Can-Can
6%
1974 Revival Candide
6%
Dr. Suess's How the Grinch Stole Christmas
6%
Kiss of the Spider Woman
6%
Memphis
6%
Allegro
5%
Applause
5%
Baby
5%
Barnum
5%
Big River
5%
Caroline, or Change
5%
Dracula
5%
Fiorello!
5%
Flower Drum Song
5%
Groundhog Day
5%
Irene
5%
Kismet
5%
Meet Me in St Louis
5%
Pacific Overtures
5%
The Boy from Oz
5%
The Light in the Piazza
5%
The Wedding SInger
5%
The Wild Party
5%
Violet
5%
Bright Star
4%
Cry-Baby
4%
Dancin'
4%
High Society
4%
Mystery of Edwin Drood
4%
No, No, Nanette
4%
Pal Joey
4%
Passion
4%
All Shook Up
3%
Babes in Toyland
3%
Bells are Ringing
3%
Breakfast at Tiffany's
3%
Call Me Madam
3%
City of Angels
3%
Contact
3%
Curtains
3%
Dirty Rotten Scoundrels
3%
Everyday Rapture
3%
Finian's Rainbow
3%
First Date
3%
Funny Face
3%
Grand Hotel
3%
I Do I Do
3%
Million Dollar Quartet
3%
Movin' Out
3%
Of Thee I Sing
3%
On a Clear Day You Can See Forever
3%
Paint Your Wagon
3%
Pirate Queen
3%
Promises, Promises
3%
Raisin
3%
Redhead
3%
The Adventures of Tom Sawyer
3%
The Apple Tree
3%
The Civil War
3%
The Frogs
3%
The Full Monty
3%
The Life
3%
The Scarlet Pimpernel
3%
Wonderful Town
3%
25th Annual Putnam Spelling Bee
2%
A Catered Affair
2%
Adele
2%
Adonis
2%
A Funny Thing That Happened on the Way to the Forum
2%
Angel
2%
Anya
2%
Around the World
2%
Baby It's You
2%
Baker Street
2%
Carnival
2%
Flora the Red Menace
2%
George M!
2%
Goldilocks
2%
Hands on a Hardbody
2%
Holiday Inn
2%
In Transit
2%
Jane Eyre
2%
Lovemusik
2%
On the Twentieth Century
2%
On Your Toes
2%
Passing Strange
2%
Rags
2%
Scandalous
2%
Silk Stockings
2%
Smokey Joe's Cafe
2%
The Act
2%
The Black Crook
2%
The Most Happy Fella
2%
The Will Rogers Follies
2%
Where's Charley
2%
1492 Up to Date
1%
1600 Pennsylvania Ave
1%
70, Girls, 70
1%
Abyssinia
1%
A Class Act
1%
A Connecticut Yankee
1%
A Doll's Life
1%
A Family Affair
1%
Africana
1%
Ain't Supposed to Die a Natural Death
1%
1917 All Aboard
1%
All American
1%
Alma Where Do You Live?
1%
Ambassador
1%
Amen Corner
1%
America's Sweetheart
1%
Amour
1%
Animal Crackers
1%
Ankles Aweigh
1%
Are You With It
1%
1917 Arms and the Girl
1%
As the Girls Go
1%
As Thousands Cheer
1%
A Tale of Two Cities
1%
1945 A Tree Grows in Brooklyn
1%
Babette
1%
Bajour
1%
Ballroom
1%
Bandanna Land
1%
Banjo Eyes
1%
Ben Franklin in Paris
1%
Big Boy
1%
Billion Dollar Baby
1%
Boys from Syracuse
1%
Brooklyn
1%
Carmen Jones
1%
1934 Chee-Chee
1%
Chin Chin
1%
Christine
1%
Coco
1%
Cyrano
1%
Dance a Little Closer
1%
Dance with Me
1%
Dear World
1%
Different Times
1%
Do I Hear a Waltz?
1%
Doonesbury
1%
Do Re Mi
1%
Drat! the Cat!
1%
Dude
1%
El Capitan
1%
Fanny
1%
First Impressions
1%
Gentleman Prefer Blondes
1%
Girl Crazy
1%
Glory Days
1%
Golden Boy
1%
1930 Good News
1%
Greenwillow
1%
Grind
1%
Hallelujah, Baby!
1%
Happy Days
1%
High Fidelity
1%
High Spirits
1%
Hot Mikado
1%
1951 I Can Get It For You Wholesale
1%
I Love My Wife
1%
Jamaica
1%
Jelly's Last Jam
1%
Jubilee
1%
Jumbo
1%
Juno
1%
King David
1%
1941 Lady Be Good
1%
Legs Diamond
1%
Lennon
1%
Lestat
1%
Let My People Come
1%
Li'l Abner
1%
Little Johnny Jones
1%
MacK and Mabel
1%
Marinka
1%
Merlin
1%
Mr. President
1%
Mr. Wonderful
1%
My One and Only
1%
New Girl in Town
1%
No Strings
1%
Oh, Captain!
1%
Oh, Kay!
1%
Paramour
1%
Paris
1%
Pipe Dream
1%
Pump Boys and Dinettes
1%
Purlie
1%
Quilters
1%
Runaways
1%
Sally
1%
Seesaw
1%
Shenandoah
1%
Skyscraper
1%
Sophisticated Ladies
1%
Sugar
1%
Sugar Babies
1%
Sweet Smell of Success
1%
Tap Dance Kid
1%
The Belle of New York
1%
The Blue Kitten
1%
The Capeman
1%
The Casino Girl
1%
1934 The Cat and the Fiddle
1%
The Cat and the Fiddle: A Nursery Rhyme Undone and Its Scandalous Secret
1%
The Cradle Will Rock
1%
The Goodbye Girl
1%
The Great Waltz
1%
The Red Shoes
1%
The Unsinkable Molly Brown
1%
They're Playing Our Song
1%
Timbuktu!
1%
[Title of Show]
1%
Triumph of Love
1%
Two Gentleman of Verona
1%
Urban Cowboy
1%
Wildcat
1%
Wish You Were Here
1%
Woman of the Year
1%
About Town
0%
A Broken Idol
0%
A Conquering Hero
0%
Alone at Last
0%
An Arabian Princess and 40 Thieves
0%
Barefoot Boy with Cheek
0%
Baron Trench
0%
Begger's Holiday
0%
1943 Best Foot Forward
0%
Between the Devil
0%
Bloomer Girl
0%
Bombo
0%
Bravo Giovanni
0%
Bronx Bombers
0%
Buddies
0%
Bugs Bunny on Broadway
0%
By Jupiter
0%
By the Beautiful Sea
0%
Cabin in the Sky
0%
Captain Jinks
0%
Carib Song
0%
Carmelina
0%
Carnival in Flanders
0%
1939 Castles in the Air
0%
Celebration
0%
Chris and the Wonderful lamp
0%
Chronicle of a Death Foretold
0%
Come Summer
0%
Copper and Brass
0%
Cry for Us All
0%
Dangerous Games
0%
Darling of the Day
0%
Dearest Enemy
0%
Destry Rides Again
0%
Do Black Patent Leather Shoes Really Reflect Up?
0%
Donnybrook!
0%
Don't Bother Me I Can't Cope
0%
Don't Play Us Cheap
0%
Dubarry Was a Lady
0%
Earl Caroll Vanities
0%
Earl of Ruston
0%
Early to Ride
0%
Eileen
0%
Elise
0%
Evangeline, or a Belle of Acadia
0%
Everybody's Welcome
0%
Flahooley
0%
Flying High
0%
Follow the Girls
0%
Follow Thru
0%
Foxy
0%
Golden Rainbow
0%
Good Vibrations
0%
Great Lady
0%
Happy Hunting
0%
Hazel Flagg
0%
Henry, Sweet Henry
0%
Here's Love
0%
Her First Roman
0%
High Button Shoes
0%
1930 Hold Everything
0%
Hooray for What!
0%
House of Flowers
0%
How Now Dow Jones
0%
Illya Darling
0%
1942 I Married an Angel
0%
In Dahomey
0%
Is There Life After High School?
0%
Jackpot
0%
James Joyce's the Dead
0%
John Henry
0%
Juan Darien
0%
Kean
0%
Kissing Time
0%
1944 Knickerbocker Holiday
0%
Kwamina
0%
Lady in the Dark
0%
Laughing Room Only
0%
Look to the Lilies
0%
1974 Lost in the Stars
0%
1976 Lost, Lost, Lost
0%
Love Life
0%
Make a Wish
0%
Marie Christine
0%
Me and Juliet
0%
Milk and Honey
0%
Mrs. Patterson
0%
Never Gonna Dance
0%
Oh Boy Music
0%
Once on the This Island
0%
One Touch of Venus
0%
Out of This World
0%
Over Here!
0%
1942 Panama Hattie
0%
Plain and Fancy
0%
Play On!
0%
Red, Hot and Blue
0%
Red Pepper
0%
Red, White, and Maddox
0%
Rex
0%
Romance/Romance
0%
Rosalie
0%
Sarafina
0%
Saratoga
0%
Say, Darling
0%
1970 Shinbone Alley
0%
Side Show Broadway
0%
Spring Awaking
0%
Starmites
0%
1934 St. Louis Woman
0%
Subways Are For Sleeping
0%
Take Me Along
0%
Tenderloin
0%
Texas Lil Darlin
0%
The Baron of Fiddlesticks
0%
The Blonde in Black
0%
The Blue Paradise
0%
The Body Beautiful
0%
The Bridges of Maison County
0%
The Candy Shop
0%
The Chocolate Dandies
0%
The Coconauts
0%
The Dangerous Maid
0%
The Day Before Spring
0%
The Desert Song
0%
The District Leader
0%
The Education of Hyman Kaplan
0%
The Enchantress
0%
The Five O'Clock Girl
0%
The Gershwin's Porgy and Bess
0%
The Girl Behind the Gun
0%
The Girl Who Came to Supper
0%
The Grand Tour
0%
The Grass Harp
0%
The Happiest Girl in the World
0%
The Happy Time
0%
The Human Comedy
0%
The Lady Comes Across
0%
The Lieutenant
0%
The Me Nobody Knows
0%
The Robber Bridegroom
0%
The Rothschilds
0%
The Well of Romance
0%
The Wind in Willows
0%
Thou Shalt Not
0%
Three Wishes For Jamie
0%
Two by Two
0%
Utter Glory of Morrissey Hall
0%
Very Good, Eddie
0%
Very Warm for May
0%
Walking Happy
0%
What Makes Sammy Run?
0%
Whoop-Up
0%
No matching quizzes found
Score Distribution
Percent of People with Each Score
Percentile by Number Answered
Your Score History
You have not taken this quiz